College algebra : (Record no. 127513)
[ view plain ]
| 000 -LEADER | |
|---|---|
| fixed length control field | 00953nam a2200265Ia 4500 |
| 008 - FIXED-LENGTH DATA ELEMENTS--GENERAL INFORMATION | |
| fixed length control field | |
| 020 ## - INTERNATIONAL STANDARD BOOK NUMBER | |
| International Standard Book Number | 0618394389 (hbk.) |
| 090 ## - LOCALLY ASSIGNED LC-TYPE CALL NUMBER (OCLC); LOCAL CALL NUMBER (RLIN) | |
| Classification number (OCLC) (R) ; Classification number, CALL (RLIN) (NR) | QA152.3 |
| Local cutter number (OCLC) ; Book number/undivided call number, CALL (RLIN) | LAR |
| 003 - CONTROL NUMBER IDENTIFIER | |
| control field | |
| 005 - DATE AND TIME OF LATEST TRANSACTION | |
| control field | 20230123122101.0 |
| 040 ## - CATALOGING SOURCE | |
| Transcribing agency | NUST |
| 049 ## - LOCAL HOLDINGS (OCLC) | |
| Holding library | MAIN |
| 100 1# - MAIN ENTRY--PERSONAL NAME | |
| Personal name | Larson, Ron. |
| 245 10 - TITLE STATEMENT | |
| Title | College algebra : |
| Remainder of title | a graphing approach : instructor's annotated edition / |
| Statement of responsibility, etc. | Ron Larson, Robert P. Hostetler, Bruce H. Edwards ; with the assistance of David C. Falvo. |
| 246 10 - VARYING FORM OF TITLE | |
| Title proper/short title | Instructor's annotated edition, College Algebra : a graphing approach. |
| 250 ## - EDITION STATEMENT | |
| Edition statement | 4th ed. |
| 260 ## - PUBLICATION, DISTRIBUTION, ETC. | |
| Place of publication, distribution, etc. | Boston : |
| Name of publisher, distributor, etc. | Houghton Mifflin Co., |
| Date of publication, distribution, etc. | c2005. |
| 300 ## - PHYSICAL DESCRIPTION | |
| Extent | xvi, 610, A270 p. : |
| Other physical details | col. ill. ; |
| Dimensions | 26 cm. |
| 500 ## - GENERAL NOTE | |
| General note | Includes indexes. |
| 650 #0 - SUBJECT ADDED ENTRY--TOPICAL TERM | |
| Topical term or geographic name entry element | Algebra |
| General subdivision | Graphic methods |
| -- | Study and teaching. |
| 700 1# - ADDED ENTRY--PERSONAL NAME | |
| Personal name | Hostetler, Robert P. |
| 700 1# - ADDED ENTRY--PERSONAL NAME | |
| Personal name | Edwards, Bruce H., |
| Dates associated with a name | 1946- |
| 907 ## - LOCAL DATA ELEMENT G, LDG (RLIN) | |
| a | .b10344925 |
| b | 24-07-14 |
| c | 15-07-14 |
| 942 ## - ADDED ENTRY ELEMENTS (KOHA) | |
| Koha item type | Ordinary Loan Books |
| Call number prefix | QA152.3 |
| Call number suffix | LAR |
| Date last seen | Total Checkouts | Full call number | Barcode | Cost, replacement price | Price effective from | Koha item type | Lost status | Source of classification or shelving scheme | Damaged status | Not for loan | Collection | Withdrawn status | Home library | Current library | Shelving location | Date acquired | Cost, normal purchase price |
|---|---|---|---|---|---|---|---|---|---|---|---|---|---|---|---|---|---|
| 01/23/2023 | 2 | QA152.3 LAR | 92004036040 | 80.00 | 01/23/2023 | BOOKS | LCC | NFIC | MAIN | MAIN | GEN | 01/23/2023 | 80.00 |